| 000 | 01156nam a22003017a 4500 | ||
|---|---|---|---|
| 999 |
_c14421 _d14421 |
||
| 003 | EG-ScBUE | ||
| 005 | 20210128142008.0 | ||
| 008 | 100707s1975 le f 000 0 ara d | ||
| 040 |
_aEG-ScBUE _bara _erda _cEG-ScBUE _dEG-ScBUE |
||
| 043 |
_aawba--- _aawgz--- |
||
| 082 | 0 | 4 |
_a892.73609 _bإ ص ب _222 |
| 100 | 1 |
_916000 _aأبو إصبع، صالح خليل، _eمؤلف. |
|
| 245 | 1 | 0 |
_aفلسطين في الرواية العربية / _cصالح أبو إصبع. |
| 260 | _c1975 | ||
| 264 | 1 |
_aبيروت، لبنان : _bمنظمة التحرير الفلسطينية، مركز الأبحاث، _c1975. |
|
| 300 |
_a248 صفحة ؛ _c23 سم. |
||
| 336 |
_2rdacontent _aنص _btxt |
||
| 337 |
_2rdamedia _aبدون وسيط _bn |
||
| 338 |
_2rdacarrier _aمجلد _bnc |
||
| 490 | 0 |
_aسلسلة كتب فلسطينية ؛ _v65 |
|
| 504 | _aيشتمل على إرجاعات ببليوجرافية. | ||
| 541 |
_aألف باء ; _cشراء ; |
||
| 650 | 7 |
_916015 _aالقصص العربية _xتاريخ ونقد _zفلسطين. _2BUEsh |
|
| 651 | _2BUEsh | ||
| 653 |
_bARALIT _cJanuary2021 |
||
| 655 |
_vReading book _934232 |
||
| 942 |
_2ddc _cBB |
||